Henderson, o rei da chuva (Registo nº 1369)

Detalhes MARC
000 -Etiqueta do registo
Cabeçalho 00713nam0a2200265 4500
005 - Identificador da versão
Campo de controlo 20240813121834.0
010 ## - Número internacional normalizado dos livros (ISBN)
Número (ISBN) 9724730840
021 ## - Número do Depósito Legal
Código do país PT
Número 248175/06
100 ## - Dados gerais de processamento
Dados gerais de processamento 20150904d2006 m y0pory5003 ba
102 ## - Pais de publicação ou produção
País de publicação Portugal
101 0# - Língua de publicação
Língua do texto, banda sonora, etc. Português
215 ## - Descrição física 
Indicação específica da natureza do documento e extensão da espécie 303 p
200 1# - Titulo e menção de responsabilidade
Título próprio Henderson, o rei da chuva
Primeira menção de responsabilidade Saul Bellow
225 2# - Colecção 
Título próprio da colecção Grandes autores
205 ## - Menção da edição
Menção da edição 1ª ed
210 ## - Publicação, Distribuição, etc. 
Lugar da edição, distribuição, etc. Lisboa
Nome do editor, distribuidor, etc. Texto
Data da publicação, distribuição, etc. 2006
300 ## - Notas gerais 
Texto da nota Prémio Nobel da Literatura 1976
606 ## - Nome comum usado como assunto
Número de registo de entrada de autoridade 0002097
Palavra de ordem Literatura americana
Subdivisão de assunto Romance
Código do sistema CA
675 ## - Classificação Decimal Universal (CDU)
Notação 821.111(73)-31
Edição 3ª ed.
Língua da edição por
700 #1 - Nome de autor-pessoa física (responsabilidade principal)
Número de registo de entrada de autoridade 0002477
Palavra de ordem Bellow
Outra parte do nome não tomada para palavra de ordem Saul
Datas 1915-2005
966 ## - Identificação da Biblioteca
Sigla EB2,3ENM
942 ## - Elementos de entrada adicionados (Koha)
Tipo de item no Koha Livro
Exemplares
Situação do levantamento Origin of item (home branch) (coded) Biblioteca de empréstimo Código de barras Cota Circulation type (not for loan) Tipo de documento Nota do exemplar Damaged status
  Biblioteca Escolar Eng. Nuno Mergulhão Biblioteca Escolar Eng. Nuno Mergulhão BENM3284 82LE-3 BEL   Livro Sem mensagem  
  Biblioteca Escolar Eng. Nuno Mergulhão Biblioteca Escolar Eng. Nuno Mergulhão BENM3288 | 2006 82LE-3 BEL   Livro Sem mensagem